Ročné zúčtovanie poistného na zdravotné poistenie za rok 2013

Legislatíva, ktorá upravuje povinnosť a spôsob vykonania ročného zúčtovania. Postup zdravotnej poisťovne pri vykonávaní ročného zúčtovania poistného. Vysporiadanie preplatku z ročného zúčtovania poistného. Vysporiadanie nedoplatku z ročného zúčtovania poistného.

Gespeichert in:
Bibliographische Detailangaben
1. Verfasser: Gášpárová, Eva
Format: Buchkapitel
Sprache:Slowakisch
Schlagworte:
Tags: Tag hinzufügen
Keine Tags, Fügen Sie das erste Tag hinzu!

MARC

LEADER 00000naa a2200000 4500
001 0190662
005 20231109104615.0
041 0 |a slo 
044 |a SK 
245 1 0 |a Ročné zúčtovanie poistného na zdravotné poistenie za rok 2013  |c Eva Gášpárová 
520 |a Legislatíva, ktorá upravuje povinnosť a spôsob vykonania ročného zúčtovania. Postup zdravotnej poisťovne pri vykonávaní ročného zúčtovania poistného. Vysporiadanie preplatku z ročného zúčtovania poistného. Vysporiadanie nedoplatku z ročného zúčtovania poistného. 
610 2 0 |a poistenie zdravotné 
610 2 0 |a poisťovne zdravotné 
610 2 0 |a zúčtovanie 
610 2 0 |a zamestnanci 
610 2 0 |a zamestnávatelia 
610 2 0 |a osoby samostatne zárobkovo činné 
610 2 0 |a základ vymeriavací 
610 2 0 |a poistné 
100 1 |a Gášpárová, Eva